Le nouvel opéra (Record no. 160822)

MARC details
000 -LEADER
campo de control de longitud fija 00777nam a22002055i 4500
001 - NÚMERO DE CONTROL
campo de control 160822
003 - IDENTIFICADOR DE NÚMERO DE CONTROL
campo de control ES-MaACL
005 - FECHA Y HORA DE LA ÚLTIMA TRANSACCIÓN
campo de control 20230906212131.0
008 - DATOS DE LONGITUD FIJA--INFORMACIÓN GENERAL
campo de control de longitud fija 041004s1875 fr a |||| | fre d
040 ## - FUENTE DE CATALOGACIÓN
Centro catalogador/agencia de origen CAM
Lengua de catalogación spa
Centro/agencia transcriptor CAM
100 1# - ENTRADA PRINCIPAL--NOMBRE DE PERSONA
Nombre de persona Nuitter, Charles.
9 (RLIN) 130548
245 13 - MENCIÓN DEL TÍTULO
Título Le nouvel opéra
Resto del título : ouvrage contenant 59 gravures sur bois et 4 plans /
Mención de responsabilidad, etc. par Charles Nuitter.
260 ## - PUBLICACIÓN, DISTRIBUCIÓN, ETC.
Lugar de publicación, distribución, etc. Paris :
Nombre del editor, distribuidor, etc. Hachette et Cie,
Fecha de publicación, distribución, etc. 1875.
300 ## - DESCRIPCIÓN FÍSICA
Extensión [2], 255 p., [4] h. de plan. :
Otras características físicas il., grab. ;
Dimensiones 19 cm.
599 ## - NOTA A LAS ILUSTRACIONES
NOTA A LAS ILUSTRACIONES Con grab. a toda página.
610 24 - PUNTO DE ACCESO ADICIONAL DE MATERIA--NOMBRE DE ENTIDAD CORPORATIVA
Nombre de entidad corporativa o nombre de jurisdicción como elemento de entrada Opéra national de Paris.
9 (RLIN) 15716
650 #4 - PUNTO DE ACCESO ADICIONAL DE MATERIA--TÉRMINO DE MATERIA
Término de materia o nombre geográfico como elemento de entrada Ópera-
Subdivisión geográfica París-
Subdivisión general Historia.
9 (RLIN) 15715
852 4# - LOCALIZACIÓN
Ubicación ES-MaACL
Número de control de estantería F-10526
Nota libre -- Enc. pasta española
852 4# - LOCALIZACIÓN
Ubicación ES-MaACL
Número de control de estantería E-12546
itemnumber R.140156
Nota libre . - Biblioteca Jacinto Martínez Lacalle
Holdings
Estatus retirado Estado de pérdida Estado de daño No para préstamo Colección Biblioteca de origen Biblioteca actual Ubicación en estantería Fecha de adquisición Fuente de adquisición Total de préstamos Signatura topográfica completa Código de barras Visto por última vez Precio de reemplazo Tipo de ítem Koha
        Libros del s. XIX Biblioteca del Ateneo de Madrid Biblioteca del Ateneo de Madrid Depósito 2 07/04/2009     E-12546 1179273 23/02/2023 23/02/2023 Libro impreso antiguo
        Libros del s. XIX Biblioteca del Ateneo de Madrid Biblioteca del Ateneo de Madrid Sala Pecera Planta 2 17/01/2008     F-10526 1168412 23/02/2023 23/02/2023 Libro impreso antiguo